| 000 | 00603nam a2200169Ia 4500 | ||
|---|---|---|---|
| 005 | 20260225135611.0 | ||
| 008 | 260225s9999 xx 000 0 und d | ||
| 020 | _a9780415378628 | ||
| 082 |
_a338.74 _bTHO |
||
| 100 | _aThomas, W. A. | ||
| 245 | 0 |
_aThe Finance of British Industry, 1918-1976 / _cThomas, W. A. |
|
| 260 |
_bTaylor & Francis US, _c2005 |
||
| 300 | _a376 pages | ||
| 520 | _aThis is a clear and objective account of the trends in finance since the First World War. A well-documented book, it will be an essential reference work. | ||
| 650 | _aBusiness & Economics | ||
| 942 | _cENGLISH | ||
| 999 |
_c615545 _d615545 |
||